000
00352nam a2200157Ia 4500
003
OSt
005
20231118055808.0
008
170524s9999 xx 000 0 und d
020
_a
81-8204-012-4
040
_c
IIMT
100
_a
Raj Kumar Singh
245
0
_a
Front Office Management
260
_b
Aman Publication
260
_c
2006
942
_2
ddc
_c
02
999
_c
7381
_d
7381